<?xml version="1.0" encoding="UTF-8"?>
<record
    xmlns:xsi="http://www.w3.org/2001/XMLSchema-instance"
    xsi:schemaLocation="http://www.loc.gov/MARC21/slim http://www.loc.gov/standards/marcxml/schema/MARC21slim.xsd"
    xmlns="http://www.loc.gov/MARC21/slim">

  <leader>00793nam a2200145Ia 4500</leader>
  <controlfield tag="008">090122s9999    xx            000 0 und d</controlfield>
  <datafield tag="082" ind1=" " ind2=" ">
    <subfield code="b">3598</subfield>
    <subfield code="a">333.91</subfield>
  </datafield>
  <datafield tag="100" ind1=" " ind2=" ">
    <subfield code="a">&#x936;&#x93F;&#x902;&#x926;&#x947;</subfield>
    <subfield code="b">&#x905;&#x923;&#x94D;&#x923;&#x93E;&#x938;&#x93E;&#x939;&#x947;&#x92C;</subfield>
  </datafield>
  <datafield tag="245" ind1=" " ind2=" ">
    <subfield code="a">&#x92E;&#x939;&#x93E;&#x930;&#x93E;&#x937;&#x94D;&#x91F;&#x94D;&#x930;&#x93E;&#x924;&#x940;&#x932; &#x926;&#x941;&#x937;&#x94D;&#x915;&#x93E;&#x933; &#x906;&#x923;&#x93F; &#x91C;&#x932;&#x938;&#x902;&#x92A;&#x924;&#x94D;&#x924;&#x940;&#x91A;&#x947; &#x928;&#x93F;&#x92F;&#x94B;&#x91C;&#x928; &#x92A;&#x930;&#x93F;&#x938;&#x902;&#x935;&#x93E;&#x926;</subfield>
  </datafield>
  <datafield tag="600" ind1=" " ind2=" ">
    <subfield code="a">&#x936;&#x93F;&#x902;&#x926;&#x947;</subfield>
  </datafield>
  <datafield tag="630" ind1=" " ind2=" ">
    <subfield code="a">&#x92E;&#x939;&#x93E;&#x930;&#x93E;&#x937;&#x94D;&#x91F;&#x94D;&#x930;&#x93E;&#x924;&#x940;&#x932; &#x926;&#x941;&#x937;&#x94D;&#x915;&#x93E;&#x933; &#x906;&#x923;&#x93F; &#x91C;&#x932;&#x938;&#x902;&#x92A;&#x924;&#x94D;&#x924;&#x940;&#x91A;&#x947; &#x928;&#x93F;&#x92F;&#x94B;&#x91C;&#x928; &#x92A;&#x930;&#x93F;&#x938;&#x902;&#x935;&#x93E;&#x926;</subfield>
  </datafield>
  <datafield tag="700" ind1=" " ind2=" ">
    <subfield code="a">&#x936;&#x93F;&#x902;&#x926;&#x947;</subfield>
  </datafield>
  <datafield tag="730" ind1=" " ind2=" ">
    <subfield code="a">&#x92E;&#x939;&#x93E;&#x930;&#x93E;&#x937;&#x94D;&#x91F;&#x94D;&#x930;&#x93E;&#x924;&#x940;&#x932; &#x926;&#x941;&#x937;&#x94D;&#x915;&#x93E;&#x933; &#x906;&#x923;&#x93F; &#x91C;&#x932;&#x938;&#x902;&#x92A;&#x924;&#x94D;&#x924;&#x940;&#x91A;&#x947; &#x928;&#x93F;&#x92F;&#x94B;&#x91C;&#x928; &#x92A;&#x930;&#x93F;&#x938;&#x902;&#x935;&#x93E;&#x926;</subfield>
  </datafield>
  <datafield tag="942" ind1=" " ind2=" ">
    <subfield code="c">BOOK</subfield>
  </datafield>
  <datafield tag="999" ind1=" " ind2=" ">
    <subfield code="c">27676</subfield>
    <subfield code="d">27676</subfield>
  </datafield>
  <datafield tag="952" ind1=" " ind2=" ">
    <subfield code="0">0</subfield>
    <subfield code="1">0</subfield>
    <subfield code="4">0</subfield>
    <subfield code="7">0</subfield>
    <subfield code="a">DOMGRANTH</subfield>
    <subfield code="b">DOMGRANTH</subfield>
    <subfield code="d">2009-01-22</subfield>
    <subfield code="l">0</subfield>
    <subfield code="o">3598</subfield>
    <subfield code="p">DOM-3598</subfield>
    <subfield code="r">2009-01-22 00:00:00</subfield>
    <subfield code="t">1</subfield>
    <subfield code="w">2009-01-22</subfield>
    <subfield code="y">BOOK</subfield>
  </datafield>
</record>
